000
00294nam a22001217a 4500
008
180803b xxu||||| |||| 00| 0 eng d
082
_a
813.52
245
_a
There's an easier way to stady
_c
Spring Elsevier
260
_c
2008
300
_a
1
_f
DVD
440
_x
9781416056874
942
_2
ddc
_c
MX
999
_c
46742
_d
46742